000 00270nam a22001217a 4500
008 170602b xxu||||| |||| 00| 0 eng d
041 _aeng
080 _a94
100 _a17
101 _aSHH
245 _aTHEN ENDURING VISION A HISTORY
_cCLARK.B
942 _2udc
_cBK
999 _c15552
_d15552